000 00848nam a2200277Ia 4500
001 Z_1001
003 CHAP
008 220113s1971 xx 000 0 und d
010 _a164079
040 _cCHAP
082 _a333.0972 F46
100 _aFernández y Fernández, Ramón
_940322
245 _aLa ley de reforma agraria, el crédito agrícola y el desarrollo agrícola /
_cpor Ramón Fernández y Fernández
260 _aChapingo, Méx. :
_bENA. Colegio de Postgraduados,
_c1971
300 _a139 p
503 _aDONACIÓN
650 _aAgricultura
_xPlaneación
_xMéxico I. ENA. Colegio de Postgraduados II. t.
_9138145
650 _aCrédito agrícola
_xMéxico
_9137729
650 _aReforma agraria
_xMéxico
_9138146
901 _a333.0972 F46
902 _aM
910 _a1971
942 _c1
942 _cc1
999 _c164079
_d164079